1044 1218 1678 1291 1437 1658 1037 1848 1369 1968 1724 1586 1840 1744 1535 1286 1456 1638 1718 1991 1883 1694 1917 1511 1786 1225 1113 1614 1269 1604 1636 1384 1393 1226 1951 1266 1865 1753 1502 1066 1742 1797 1102 1808 1769 1175 1300 1497 1582 1805 1939 1366 1032 1584 1382 1823 1943 1979 1029 1417 1196 1203 1152 1191 1422 1266 1067 1164 1750 1634 1399 1255 1075 1386 1019 1905 1395 1714 1808 1281 1901 1591 1178 1067 1505 1061 1157 1245 1551 1339 1435 1787 1351 1377 1405 1388 1205 1273 1735 BCNSPRNW ULIB Ver.6.0+V

เปลี่ยนเป็นภาษาไทย

Change to English
 แสดงรายละเอียดบรรณานุกรม
  กลับหน้าหลัก

Brief Record : Get Marc (ISO 2709) : E-mail record : QR code < ปิดหน้าต่าง
LEADER : 00000nam 2200000uu 4500
001    13399111067
003     ULIB
008    110616s||||||||th 000 0 tha d
020    1428320032
024    9781428320031
060  4 QV38^bS111d 2010
100 0  Spratto, George R.
245 00 Delmar s mini guide to geriatric drugs^c George R.Spratto
260    New york:^bDelmar Cengage Learning,^c2010
300    227 p
650  7 Drug Therapy ^xnurses s instruction.
650  7 Drugs -- nurses s instruction.
650  7 Geriatric Nursing
945    ^p900^l0^i030154
945    ^p900^l0^i029081
995    Kesorn
999 ^a ใช้งานได้ทุกระบบ
รายการนี้ยังไม่มีแท็ก
คุณยังไม่ได้ล็อกอิน คุณสามารถมีกิจกรรมร่วมกับเว็บไซต์ได้ แต่ต้องล็อกอินก่อน ::
  ล็อกอิน

รายการสื่อสารสนเทศ

ลำดับที่ ประเภท เลขเรียก/บาร์โค้ด สถานที่ สถานะ
- ไม่พบข้อมูล -

รายการใกล้เคียง
    หัวเรื่อง [Geriatric Nursing]

BibComment


ยังไม่เคยถูกคอมเมนท์

คอมเมนท์ทรัพยากรรายการนี้
  คอมเมนท์: Delmar s mini gui..


 Copyright 2026. Bcnsprnw @Library